It looks like you're offline.
Open Library logo
additional options menu

MARC record from Internet Archive

LEADER: 03584cam 2200805Ia 4500
001 ocm70247061
003 OCoLC
005 20221109091047.0
008 060705s2006 orua 6 000 1 eng d
040 $aBKX$beng$cBKX$dBAKER$dXL4$dBTCTA$dYDXCP$dZAD$dOCLCQ$dBDX$dIZ8$dOCLCO$dOCLCQ$dOCLCO$dOCLCF$dORZ$dIOU$dOCLCO$dOCL$dOCLCA$dT7F$dOCLCQ$dOCLCA$dFQG$dLKC$dOCLCO$dHKHPL$dOCLCO$dOCL$dDZM$dOCL$dOCLCO
020 $a1593075502$q(pbk.)
020 $a9781593075507$q(pbk.)
024 80 $a1415687617$q(BWI bdg.)
024 30 $a1415687617 (BWI bdg.)
035 $a(OCoLC)70247061
050 4 $aPN6728.B86$bM54 2006
082 04 $a741.5/973$222
100 1 $aMignola, Mike.
245 10 $aB.P.R.D.$n[5],$pThe black flame /$cstory by Mike Mignola and John Arcudi ; art by Guy Davis ; colors by Dave Stewart ; letters by Clem Robins.
246 3 $aBureau for Paranormal Research and Defense
246 30 $aBlack flame
250 $a1st ed.
260 $aMilwaukie, OR :$bDark Horse Books,$c2006.
300 $a1 volume (unpaged) :$bchiefly color illustrations ;$c26 cm
336 $atext$btxt$2rdacontent
337 $aunmediated$bn$2rdamedia
338 $avolume$bnc$2rdacarrier
500 $a"This book collects the B.P.R.D. The Dead comic book series issues 1-6 published by Dark Horse Comics"--Title page verso.
520 $aAs the plague of frogs devastates America's heartland, tragedy befalls the B.P.R.D. Liz Sherman is haunted by mysterious dreams as a Nazi CEO resurrects a villain from the Bureau's bizarre history, heralding the reign of men and changing the Bureau forever.
650 0 $aParapsychology$vComic books, strips, etc.
650 0 $aGood and evil$vComic books, strips, etc.
650 0 $aFantasy comic books, strips, etc.
650 0 $aHorror comic books, strips, etc.
650 0 $aGraphic novels.
650 6 $aParapsychologie$vBandes dessinées.
650 6 $aBandes dessinées d'horreur.
650 6 $aRomans graphiques.
650 7 $agraphic novels.$2aat
650 7 $aFantasy comic books, strips, etc.$2fast$0(OCoLC)fst00920701
650 7 $aGood and evil.$2fast$0(OCoLC)fst00944894
650 7 $aGraphic novels.$2fast$0(OCoLC)fst00946656
650 7 $aHorror comic books, strips, etc.$2fast$0(OCoLC)fst00960368
650 7 $aParapsychology.$2fast$0(OCoLC)fst01053079
650 7 $aComic books, strips, etc.$zUnited States.$2sears
650 7 $aHorror comic books, strips, etc.$2sears
650 7 $aGraphic novels.$2sears
655 0 $aFantasy comic books, strips, etc.
655 0 $aHorror comic books, strips, etc.
655 7 $ahorror comics.$2aat
655 7 $aComics (Graphic works)$2fast$0(OCoLC)fst01921613
655 7 $aFantasy comics.$2fast$0(OCoLC)fst01921655
655 7 $aGraphic novels.$2fast$0(OCoLC)fst01726630
655 7 $aHorror comics.$2fast$0(OCoLC)fst01921683
655 7 $aHorror comic books, strips, etc.$2gsafd
655 7 $aGraphic novels.$2gsafd
655 7 $aGraphic novels.$2lcgft
655 7 $aFantasy comics.$2lcgft
655 7 $aHorror comics.$2lcgft
655 7 $aBandes dessinées d'horreur.$2rvmgf
700 1 $aArcudi, John.
700 1 $aDavis, Guy,$d1966-
938 $aBaker & Taylor$bBKTY$c17.95$d13.46$i1593075502$n0006734244$sactive
938 $aBrodart$bBROD$n04963733$c$17.99
938 $aBaker and Taylor$bBTCP$nBK0006734244
938 $aYBP Library Services$bYANK$n2464785
029 1 $aAU@$b000040677246
029 1 $aNZ1$b13482887
029 1 $aAU@$b000068741398
994 $aZ0$bGTX
948 $hNO HOLDINGS IN GTX - 125 OTHER HOLDINGS